000 00797cam a2200253 a 4500
001 692513
005 20180308050230.0
008 961003s1997 ncua b 001 0 eng
010 _a 96045138
020 _a0807823481 (cloth : alk. paper)
020 _a0807846546 (pbk. : alk. paper)
040 _aDLC
_cDLC
_dDLC
041 _aeng
043 _an-us---
080 _a305.40973 KER
082 0 0 _a305.40973 KER
_221
100 1 _a50
101 _aSOC
245 1 0 _aToward an intellectual history of women :
_cby Linda K. Kerber.
504 _aIncludes bibliographical references and index.
906 _a7
_bcbc
_corignew
_d1
_eocip
_f19
_gy-gencatlg
942 _2ddc
_cBK
999 _c44443
_d44443